Meilleurs rappeurs de France - Statistiques

Statistiques générales
  • Ce quiz a été pris 558 fois
  • Le résultat moyen est 11 sur 50
Statistiques - réponses
Hint Réponse % Correct
30 Jul
82%
16 Ninho
77%
6 Booba
73%
1 OrelSan
61%
24 Kaaris
56%
22 Niska
53%
14 SCH
53%
2 Nekfeu
50%
26 PLK
37%
4 Akhenaton
29%
5 Vald
29%
32 La Fouine
28%
8 Joey Starr
27%
23 Shurik'n
27%
21 Soprano
27%
11 Kool Shen
26%
45 Lacrim
26%
25 Bigflo
23%
49 Dadju
21%
9 Lomepal
21%
27 Oli
21%
17 Rohff
21%
12 Diam's
19%
20 Alpha Wann
18%
3 Mc Solaar
17%
33 Freeze Corleone
16%
48 Kalash criminel
14%
47 Gradur
13%
38 Dinos
11%
18 Sofiane
11%
7 Kery James
9%
28 Lorenzo
9%
13 Gringe
8%
36 Medine
8%
35 Nepal
8%
10 Oxmo Puccino
8%
15 Youssoupha
8%
39 Alkpote
7%
41 Lino
7%
31 Doc Gyneco
6%
37 Guizmo
6%
43 Hatik
5%
42 Hugo TSR
4%
29 Seth Gueko
4%
44 Tunisiano
4%
46 Georgio
3%
40 Keny Arkana
3%
34 Passi
3%
50 Chilla
1%
19 Diziz
1%
Aucun quiz correspondant
Distribution des résultats
% des personnes avec chaque résultat
Percentile par nombre de réponses
Votre historique - résultats
Vous n’avez pas pris ce quiz